| 000 | 00638nam a2200181 a 4500 | ||
|---|---|---|---|
| 001 | 000031418 | ||
| 005 | 20240322181140.0 | ||
| 008 | 110622s1957 dr a 000 0 spa d | ||
| 040 |
_aDO-SdBNP _bspa _cBNPHU |
||
| 082 |
_a780.9 _bN789g |
||
| 100 | 1 |
_aNolasco, Flérida de, _d1891-1976 _935151 |
|
| 245 | 1 | 0 |
_aGrandes momentos de la historia de la música / _cFlérida de Nolasco. |
| 260 |
_aCiudad Trujillo, República Dominicana : _bEditora del Caribe, _c1957. |
||
| 300 |
_a256 p. : _bil. ; _c21 cm. |
||
| 500 | _aIncluye notas al pie de las páginas. | ||
| 650 | 4 |
_aMúsica _xHistoria _957831 |
|
| 910 | _aValidado. Control de calidad BNPHU | ||
| 999 |
_c30910 _d30910 |
||